000 00702nam a2200241Ia 4500
003 OSt
005 20220927104522.0
006 a|||||r|||| 00| 0
007 ta
008 220926b |||||||| |||| 00| 0 eng d
024 _a150771
037 _cReference Collections
040 _aRTL
_cRTL
_beng
041 _2eng
_aeng
082 _a"X75, J3/UN"
110 _aUnited Nations
245 0 _aMobilization of Domestic Capital
_b Report and Documents of the second working party of experts
260 _aBangkok
_bUnited Nations Publications
_c1953
300 _a334 p
_ccm.
700 _aUnited Nations
942 _h"X75, J3/UN"
_cCC
999 _c687793
_d687793